[Event "15. Open Club Ajedrez Villaverde"]
[Site "Madrid ESP"]
[Date "2011.06.20"]
[Round "1.1"]
[White "Sanchez Gonzalez, Sergio"]
[Black "Jimenez Gonzalez, Marcos"]
[Result "1-0"]
[WhiteElo "2302"]
[BlackElo "1849"]
[PlyCount "63"]
[EventDate "2011.06.20"]
[EventType "swiss"]
[EventRounds "8"]
[EventCountry "ESP"]
[Source "lmi"]
[SourceDate "2011.06.20"]

1. c4 c6 2. e4 d5 3. exd5 cxd5 4. cxd5 Nf6 5. Nc3 g6 6. Bc4 Bg7 7. Nge2 O-O 8.
O-O Nbd7 9. Nf4 Nb6 10. d3 Bf5 11. h3 a6 12. Bb3 Nc8 13. Qf3 Nd6 14. Re1 h5 15.
Bd2 Rc8 16. Ne4 Nfe8 17. Bc3 Bf6 18. g4 hxg4 19. hxg4 Bd7 20. g5 Bg7 21. Kg2
Nb5 22. Rh1 Nxc3 23. bxc3 Nd6 24. Rac1 Nb5 25. Qg3 Re8 26. Qh4 Nd6 27. Rh2 Nf5
28. Qh7+ Kf8 29. Rch1 e5 30. d6 Nxd6 31. Nxg6+ fxg6 32. Qg8+ 1-0

[Event "15. Open Club Ajedrez Villaverde"]
[Site "Madrid ESP"]
[Date "2011.06.20"]
[Round "1.2"]
[White "Cano Mercado, Francisco Manuel"]
[Black "Castano, Henry Augusto"]
[Result "0-1"]
[WhiteElo "1846"]
[BlackElo "2300"]
[PlyCount "70"]
[EventDate "2011.06.20"]
[EventType "swiss"]
[EventRounds "8"]
[EventCountry "ESP"]
[Source "lmi"]
[SourceDate "2011.06.20"]

1. d4 d5 2. c4 e6 3. Nf3 Nf6 4. Nc3 Bb4 5. e3 c5 6. Qc2 Nc6 7. a3 Bxc3+ 8. bxc3
Qc7 9. cxd5 exd5 10. Bd3 O-O 11. O-O Bg4 12. Nd2 Bh5 13. Bb2 c4 14. Bf5 Ne7 15.
Rfe1 Nxf5 16. Qxf5 Bg6 17. Qg5 h6 18. Qh4 Rfe8 19. a4 Re6 20. Ra2 Ra6 21. Rea1
Re8 22. Bc1 Ra5 23. Rb2 Re6 24. Rb4 Rea6 25. Qg3 Qxg3 26. hxg3 b6 27. f3 Bc2
28. Kf2 Bxa4 29. e4 Bd7 30. Rxa5 Rxa5 31. exd5 b5 32. Ne4 Nxd5 33. Rb2 Ra1 34.
Bd2 f5 35. Nd6 b4 0-1

[Event "15. Open Club Ajedrez Villaverde"]
[Site "Madrid ESP"]
[Date "2011.06.20"]
[Round "1.3"]
[White "Ramirez Garcia, Jorge Alberto"]
[Black "Garcia Martinez, Jose Luis"]
[Result "1-0"]
[WhiteElo "2173"]
[BlackElo "1838"]
[PlyCount "87"]
[EventDate "2011.06.20"]
[EventType "swiss"]
[EventRounds "8"]
[EventCountry "ESP"]
[Source "lmi"]
[SourceDate "2011.06.20"]

1. e4 e6 2. d4 d5 3. Nc3 Nf6 4. e5 Nfd7 5. f4 c5 6. Nf3 Nc6 7. Be3 cxd4 8. Nxd4
a6 9. Qd2 Be7 10. Bd3 Qc7 11. O-O b5 12. Qe2 Nxd4 13. Bxd4 Nc5 14. a3 Nxd3 15.
cxd3 g6 16. Rac1 Qd8 17. Qe3 Rb8 18. b4 Bd7 19. Rc2 O-O 20. g4 a5 21. Rb1 Re8
22. g5 axb4 23. axb4 Ra8 24. h4 h5 25. Rg2 Ra3 26. Nxd5 Bc6 27. Nxe7+ Rxe7 28.
Rd2 Qd5 29. Kh2 Rd7 30. Bc5 Rxd3 31. Rxd3 Qxd3 32. Qxd3 Rxd3 33. Rc1 Rd8 34.
Kg3 Bd5 35. Kf2 Bc4 36. Bd6 Ra8 37. Ke3 Ra3+ 38. Kd4 Ra7 39. Rxc4 bxc4 40. b5
c3 41. Kxc3 f6 42. Kb4 Kf7 43. b6 Rb7 44. Kb5 1-0

[Event "15. Open Club Ajedrez Villaverde"]
[Site "Madrid ESP"]
[Date "2011.06.20"]
[Round "1.4"]
[White "Martinez Belen, Alejandro"]
[Black "Lopez Andujar Ocana, Antonio"]
[Result "0-1"]
[WhiteElo "1786"]
[BlackElo "2163"]
[PlyCount "58"]
[EventDate "2011.06.20"]
[EventType "swiss"]
[EventRounds "8"]
[EventCountry "ESP"]
[Source "lmi"]
[SourceDate "2011.06.20"]

1. d4 Nf6 2. c4 e6 3. Nc3 Bb4 4. e3 O-O 5. Bd3 d5 6. Nf3 dxc4 7. Bxc4 b6 8. O-O
Bb7 9. Re1 Nbd7 10. Bd2 Rc8 11. a3 Bxc3 12. Bxc3 Ne4 13. Rc1 c5 14. Bf1 Ndf6
15. Nd2 Nxc3 16. bxc3 cxd4 17. cxd4 Rxc1 18. Qxc1 Qd7 19. Qb2 Rc8 20. Nc4 Qa4
21. Qb4 Qc2 22. Ne5 Ne4 23. Be2 Ba6 24. Bxa6 Qxf2+ 25. Kh1 Rc2 26. Bf1 Qh4 27.
Qa4 Nf2+ 28. Kg1 Nh3+ 29. gxh3 Qf2+ 0-1

[Event "15. Open Club Ajedrez Villaverde"]
[Site "Madrid ESP"]
[Date "2011.06.20"]
[Round "1.5"]
[White "Acuna Celada, Ivan"]
[Black "Garcia-Ruiz Fuentes, Marcos"]
[Result "1-0"]
[WhiteElo "2161"]
[BlackElo "1768"]
[PlyCount "53"]
[EventDate "2011.06.20"]
[EventType "swiss"]
[EventRounds "8"]
[EventCountry "ESP"]
[Source "lmi"]
[SourceDate "2011.06.20"]

1. e4 c5 2. Nf3 d6 3. d4 cxd4 4. Nxd4 Nf6 5. Nc3 a6 6. Be2 e5 7. Nb3 Be7 8. O-O
O-O 9. a4 Be6 10. Be3 Qc7 11. a5 Nc6 12. Bb6 Qc8 13. Qd2 Bd8 14. Qe3 d5 15.
exd5 Nxd5 16. Nxd5 Bxd5 17. c4 Be6 18. Rfd1 f5 19. Bc5 Re8 20. Bd6 Bc7 21. c5
Kh8 22. Bh5 g6 23. Bf3 Bxb3 24. Qxb3 Nxa5 25. Qf7 e4 26. Bxc7 Nc6 27. Rd7 1-0

[Event "15. Open Club Ajedrez Villaverde"]
[Site "Madrid ESP"]
[Date "2011.06.20"]
[Round "1.6"]
[White "Fernandez Cabello, Emilio"]
[Black "Garcia Diaz, Victor"]
[Result "0-1"]
[WhiteElo "1750"]
[BlackElo "2145"]
[PlyCount "40"]
[EventDate "2011.06.20"]
[EventType "swiss"]
[EventRounds "8"]
[EventCountry "ESP"]
[Source "lmi"]
[SourceDate "2011.06.20"]

1. e4 c5 2. Nc3 a6 3. f4 b5 4. Nf3 e6 5. d4 cxd4 6. Nxd4 Bb7 7. Bd3 Bc5 8. Be3
Qb6 9. Be2 Nc6 10. Nxc6 Bxe3 11. Ne5 Nf6 12. Nd3 Nxe4 13. Nxe4 Bxe4 14. Ne5 d5
15. Bf3 Bxf4 16. Nxf7 Qe3+ 17. Qe2 Kxf7 18. Bxe4 dxe4 19. Rf1 Ke7 20. Qxe3 Bxe3
0-1

[Event "15. Open Club Ajedrez Villaverde"]
[Site "Madrid ESP"]
[Date "2011.06.20"]
[Round "1.8"]
[White "De Dompablo Fantova, Juan"]
[Black "Vazquez Gonzalez, Jesus"]
[Result "0-1"]
[WhiteElo "1726"]
[BlackElo "2059"]
[PlyCount "82"]
[EventDate "2011.06.20"]
[EventType "swiss"]
[EventRounds "8"]
[EventCountry "ESP"]
[Source "lmi"]
[SourceDate "2011.06.20"]

1. e4 c5 2. d4 g6 3. d5 Bg7 4. Nf3 d6 5. Be2 e5 6. c4 Ne7 7. O-O O-O 8. Nc3 f5
9. Nd2 f4 10. Rb1 Rf6 11. b4 b6 12. bxc5 bxc5 13. Bg4 Nd7 14. Be6+ Kh8 15. Qg4
h5 16. Qh3 Nb6 17. Bxc8 Qxc8 18. Qxc8+ Rxc8 19. a4 Rg8 20. a5 Nbc8 21. Nf3 Bh6
22. Bd2 g5 23. Rb7 g4 24. Ne1 h4 25. Nb5 a6 26. Nc7 h3 27. g3 fxg3 28. Bxh6
gxh2+ 29. Kxh2 g3+ 30. Kg1 gxf2+ 31. Kh1 fxe1=Q 32. Rxe1 Rxh6 33. Nxa6 Ng6 34.
Nc7 Nf4 35. a6 h2 36. a7 Rhg6 37. Rbb1 Nxa7 38. Nb5 R8g7 39. Nxa7 Rg1+ 40. Rxg1
hxg1=Q+ 41. Rxg1 Rh7# 0-1

[Event "15. Open Club Ajedrez Villaverde"]
[Site "Madrid ESP"]
[Date "2011.06.20"]
[Round "1.9"]
[White "Erice Alonso, Santiago"]
[Black "Martinez Martinez, Antonio"]
[Result "0-1"]
[WhiteElo "2043"]
[BlackElo "1726"]
[PlyCount "62"]
[EventDate "2011.06.20"]
[EventType "swiss"]
[EventRounds "8"]
[EventCountry "ESP"]
[Source "lmi"]
[SourceDate "2011.06.20"]

1. e4 g6 2. d4 Bg7 3. c4 d6 4. Nc3 c6 5. f4 Qb6 6. e5 dxe5 7. fxe5 f6 8. Nf3
Bg4 9. Na4 Qc7 10. exf6 Nxf6 11. Be2 Nbd7 12. O-O O-O 13. Be3 Rad8 14. Qb3 Be6
15. Rad1 Ng4 16. g3 Rb8 17. Ng5 Bf5 18. Bf4 e5 19. c5+ Kh8 20. dxe5 Ndxe5 21.
Ne6 Bxe6 22. Qxe6 Rbe8 23. Qb3 Qe7 24. Rde1 g5 25. Bxg4 gxf4 26. gxf4 Qh4 27.
Bd1 Nf3+ 28. Qxf3 Rxe1 29. Rxe1 Qxe1+ 30. Kg2 Rd8 31. Nc3 Bxc3 0-1

[Event "15. Open Club Ajedrez Villaverde"]
[Site "Madrid ESP"]
[Date "2011.06.21"]
[Round "2.1"]
[White "Vukotic Jovsic, Dragan"]
[Black "Sanchez Gonzalez, Sergio"]
[Result "0-1"]
[WhiteElo "1954"]
[BlackElo "2302"]
[PlyCount "84"]
[EventDate "2011.06.20"]
[EventType "swiss"]
[EventRounds "8"]
[EventCountry "ESP"]
[Source "lmi"]
[SourceDate "2011.06.20"]

1. d4 Nf6 2. Bf4 d6 3. Nf3 g6 4. e3 Bg7 5. Be2 c6 6. c4 O-O 7. O-O Re8 8. h3
Nbd7 9. Nc3 a6 10. b4 e5 11. Bh2 e4 12. Nd2 Nf8 13. c5 d5 14. a4 N6d7 15. b5
Nxc5 16. bxc6 bxc6 17. Qc2 Nce6 18. Nb3 Bd7 19. a5 f5 20. Na4 f4 21. Bg4 f3 22.
Nb6 fxg2 23. Kxg2 Ra7 24. Nxd7 Rxd7 25. Qxc6 h5 26. Be2 Qf6 27. Qxa6 Qf5 28.
Rh1 Rf7 29. Bg3 Ng5 30. Qb5 Ree7 31. a6 Nf3 32. h4 Bf6 33. Bxf3 exf3+ 34. Kg1
g5 35. hxg5 Bxg5 36. Qb8 h4 37. Bxh4 Bxh4 38. Rxh4 Rh7 39. Rxh7 Rxh7 40. Qg3+
Rg7 41. Qxg7+ Kxg7 42. a7 Qh3 0-1

[Event "15. Open Club Ajedrez Villaverde"]
[Site "Madrid ESP"]
[Date "2011.06.21"]
[Round "2.2"]
[White "Castano, Henry Augusto"]
[Black "Fuentes Arjona, Antonio"]
[Result "1-0"]
[WhiteElo "2300"]
[BlackElo "1998"]
[PlyCount "75"]
[EventDate "2011.06.20"]
[EventType "swiss"]
[EventRounds "8"]
[EventCountry "ESP"]
[Source "lmi"]
[SourceDate "2011.06.20"]

1. e4 c5 2. Nf3 Nc6 3. d4 cxd4 4. Nxd4 g6 5. c4 Bg7 6. Be3 Nh6 7. Be2 d6 8. Nc3
O-O 9. Qd2 Ng4 10. Bxg4 Bxg4 11. f3 Bd7 12. h4 h5 13. g4 Ne5 14. gxh5 Nxc4 15.
Qe2 Nxe3 16. Qxe3 Qb6 17. O-O-O Bxd4 18. Rxd4 e5 19. Qh6 Qxd4 20. Nd5 Rac8+ 21.
Kb1 Qxd5 22. exd5 Bf5+ 23. Ka1 Rc2 24. hxg6 fxg6 25. h5 Rg2 26. hxg6 Bxg6 27.
Qh3 Re2 28. Qg4 Kg7 29. Rg1 Rf6 30. f4 Rf2 31. Qd7+ Kh8 32. Qd8+ Kg7 33. Qe7+
Rf7 34. Qxd6 Rf6 35. Qe7+ Rf7 36. Qxe5+ Rf6 37. Qe7+ Rf7 38. Rxg6+ 1-0

[Event "15. Open Club Ajedrez Villaverde"]
[Site "Madrid ESP"]
[Date "2011.06.21"]
[Round "2.5"]
[White "Tevar Sanz, Gonzalo"]
[Black "Acuna Celada, Ivan"]
[Result "0-1"]
[WhiteElo "1872"]
[BlackElo "2161"]
[PlyCount "58"]
[EventDate "2011.06.20"]
[EventType "swiss"]
[EventRounds "8"]
[EventCountry "ESP"]
[Source "lmi"]
[SourceDate "2011.06.20"]

1. d4 Nf6 2. Bf4 g6 3. Nf3 Bg7 4. e3 d6 5. h3 O-O 6. c4 c5 7. Be2 cxd4 8. exd4
Qb6 9. Nc3 e5 10. Be3 Qa5 11. O-O Nc6 12. d5 Ne7 13. Nb5 Nf5 14. Bd2 Qd8 15.
Bb4 a6 16. Nc3 Qb6 17. Qa4 Ng3 18. Rae1 Nfe4 19. Nxe4 Nxe4 20. Rc1 Ng3 21. Rfe1
e4 22. Ba5 Qa7 23. Nh2 Bd4 24. Ng4 Bxg4 25. Bxg4 Bxf2+ 26. Kh2 h5 27. Be2 Qe3
28. Qc2 Qf4 29. Bd1 Nf1+ 0-1

[Event "15. Open Club Ajedrez Villaverde"]
[Site "Madrid ESP"]
[Date "2011.06.21"]
[Round "2.6"]
[White "Cortes Jurado, Rafael"]
[Black "Lopez Heras, Arturo"]
[Result "1-0"]
[WhiteElo "2088"]
[BlackElo "1949"]
[PlyCount "89"]
[EventDate "2011.06.20"]
[EventType "swiss"]
[EventRounds "8"]
[EventCountry "ESP"]
[Source "lmi"]
[SourceDate "2011.06.20"]

1. d4 Nf6 2. c4 g6 3. Nc3 d5 4. cxd5 Nxd5 5. e4 Nxc3 6. bxc3 Bg7 7. Bc4 O-O 8.
Ne2 c5 9. Be3 Nd7 10. O-O Qc7 11. Rc1 b6 12. Nf4 Bb7 13. e5 e6 14. Qg4 Rfe8 15.
h4 Rac8 16. h5 Nf8 17. Nd3 Qc6 18. dxc5 gxh5 19. Qg5 h6 20. Qg3 Qe4 21. Bb5 h4
22. Qf3 Qxd3 23. Bxd3 Bxf3 24. gxf3 bxc5 25. Kh1 Ng6 26. Rg1 Kh7 27. Rg4 Bxe5
28. Rxh4 Bg7 29. Rg1 f5 30. Ra4 Rc7 31. Ra6 Ne5 32. Bf4 Rb7 33. Rxg7+ Kxg7 34.
Bxe5+ Kf7 35. f4 Rg8 36. Rc6 Rd8 37. Bc4 Rb1+ 38. Kg2 Rg8+ 39. Kf3 Rg6 40. Rc7+
Ke8 41. Rxa7 h5 42. Rh7 Rh1 43. Bd6 Rh3+ 44. Ke2 Rxc3 45. Bb5+ 1-0

[Event "15. Open Club Ajedrez Villaverde"]
[Site "Madrid ESP"]
[Date "2011.06.21"]
[Round "2.7"]
[White "Vazquez Gonzalez, Jesus"]
[Black "Lozano Sanchez, Jose Antonio"]
[Result "1-0"]
[WhiteElo "2059"]
[BlackElo "1894"]
[PlyCount "29"]
[EventDate "2011.06.20"]
[EventType "swiss"]
[EventRounds "8"]
[EventCountry "ESP"]
[Source "lmi"]
[SourceDate "2011.06.20"]

1. e4 e5 2. d4 exd4 3. Nf3 Nc6 4. Bc4 d6 5. Nxd4 Nxd4 6. Qxd4 Qf6 7. Qd3 Be6 8.
Nc3 Bxc4 9. Qxc4 c6 10. Be3 Ne7 11. O-O-O Ng6 12. Qb3 b6 13. Qa4 Ne7 14. Nd5
Nxd5 15. Qxc6+ 1-0

[Event "15. Open Club Ajedrez Villaverde"]
[Site "Madrid ESP"]
[Date "2011.06.21"]
[Round "2.10"]
[White "Garcia Sanz, Carlos"]
[Black "Rottenwoehrer, Christoph"]
[Result "0-1"]
[WhiteElo "1917"]
[BlackElo "1550"]
[PlyCount "32"]
[EventDate "2011.06.20"]
[EventType "swiss"]
[EventRounds "8"]
[EventCountry "ESP"]
[Source "lmi"]
[SourceDate "2011.06.20"]

1. e4 c5 2. Nf3 g6 3. d4 Bg7 4. Nc3 cxd4 5. Nxd4 Nc6 6. Be3 a6 7. Be2 e6 8. O-O
Nge7 9. Nxc6 Nxc6 10. Qd2 O-O 11. Bh6 b5 12. Bxg7 Kxg7 13. a3 Qe7 14. Na2 Bb7
15. b4 Rac8 16. f3 Rfd8 0-1

[Event "15. Open Club Ajedrez Villaverde"]
[Site "Madrid ESP"]
[Date "2011.06.21"]
[Round "2.14"]
[White "Tevar Becerra, Alvaro"]
[Black "Martinez Belen, Alejandro"]
[Result "0-1"]
[WhiteElo "1466"]
[BlackElo "1786"]
[PlyCount "52"]
[EventDate "2011.06.20"]
[EventType "swiss"]
[EventRounds "8"]
[EventCountry "ESP"]
[Source "lmi"]
[SourceDate "2011.06.20"]

1. e4 d5 2. exd5 Qxd5 3. Nc3 Qa5 4. Nf3 Nf6 5. d4 Bf5 6. Bd2 c6 7. Be2 e6 8. a3
Qc7 9. O-O Be7 10. Re1 O-O 11. Ne5 Nbd7 12. Bf4 Bd6 13. Bd3 Bxd3 14. Qxd3 Rfd8
15. Qg3 Nh5 16. Qf3 Nxf4 17. Qxf4 f6 18. Qg4 fxe5 19. Qxe6+ Kh8 20. Ne4 Nf8 21.
Qh3 exd4 22. Rad1 Qd7 23. Qxd7 Rxd7 24. Rxd4 Bxh2+ 25. Kxh2 Rxd4 26. c3 Rd5 0-1

[Event "15. Open Club Ajedrez Villaverde"]
[Site "Madrid ESP"]
[Date "2011.06.21"]
[Round "2.16"]
[White "Zuazua Conde, Ivan Javier"]
[Black "Fernandez Cabello, Emilio"]
[Result "1/2-1/2"]
[WhiteElo "1460"]
[BlackElo "1750"]
[PlyCount "58"]
[EventDate "2011.06.20"]
[EventType "swiss"]
[EventRounds "8"]
[EventCountry "ESP"]
[Source "lmi"]
[SourceDate "2011.06.20"]

1. d4 e6 2. c4 f5 3. Nf3 Nf6 4. Bg5 Be7 5. e3 O-O 6. Bd3 d6 7. Nc3 Nc6 8. a3 e5
9. dxe5 dxe5 10. Be2 Qe8 11. Nb5 Bd8 12. O-O a6 13. Nc3 h6 14. Bxf6 Bxf6 15.
Nd5 Bd8 16. Qc2 f4 17. exf4 e4 18. Ne5 Nd4 19. Qd1 Nxe2+ 20. Qxe2 c6 21. Nc3
Rxf4 22. Nd3 Rf8 23. Rae1 Bf5 24. Nc5 e3 25. fxe3 Bc7 26. Nb3 c5 27. e4 Bg6 28.
Rxf8+ Qxf8 29. Rf1 Qd6 1/2-1/2

[Event "15. Open Club Ajedrez Villaverde"]
[Site "Madrid ESP"]
[Date "2011.06.22"]
[Round "3.1"]
[White "Sanchez Gonzalez, Sergio"]
[Black "Cortes Jurado, Rafael"]
[Result "1-0"]
[WhiteElo "2302"]
[BlackElo "2088"]
[PlyCount "67"]
[EventDate "2011.06.20"]
[EventType "swiss"]
[EventRounds "8"]
[EventCountry "ESP"]
[Source "lmi"]
[SourceDate "2011.06.20"]

1. c4 Nf6 2. g3 g6 3. Bg2 d5 4. cxd5 Nxd5 5. Nc3 Nxc3 6. bxc3 Bg7 7. Nf3 O-O 8.
O-O c5 9. d4 Nc6 10. e3 Qa5 11. Qb3 Rb8 12. Nd2 cxd4 13. cxd4 Bd7 14. Qa3 Qh5
15. Bb2 Bh3 16. Bxh3 Qxh3 17. d5 Ne5 18. Bxe5 Bxe5 19. Rad1 Bd6 20. Qxa7 Ra8
21. Qxb7 Ra4 22. Qb3 Rh4 23. Nf3 Rh5 24. e4 g5 25. e5 g4 26. Nh4 Bxe5 27. f4
gxf3 28. Rxf3 Rb8 29. Qa4 Bf6 30. Qf4 Rb2 31. g4 Bd4+ 32. Kh1 Rxh2+ 33. Qxh2
Qxh2+ 34. Kxh2 1-0

[Event "15. Open Club Ajedrez Villaverde"]
[Site "Madrid ESP"]
[Date "2011.06.22"]
[Round "3.3"]
[White "Ramirez Garcia, Jorge Alberto"]
[Black "Vazquez Gonzalez, Jesus"]
[Result "1/2-1/2"]
[WhiteElo "2173"]
[BlackElo "2059"]
[PlyCount "123"]
[EventDate "2011.06.20"]
[EventType "swiss"]
[EventRounds "8"]
[EventCountry "ESP"]
[Source "lmi"]
[SourceDate "2011.06.20"]

1. d4 d5 2. Nf3 Nf6 3. c4 e6 4. Nc3 c6 5. e3 Be7 6. g4 h6 7. Qc2 Nbd7 8. Bd2
Qc7 9. h3 a6 10. Rc1 dxc4 11. Bxc4 b5 12. Be2 c5 13. dxc5 Qxc5 14. Ne4 Qxc2 15.
Nxf6+ Bxf6 16. Rxc2 O-O 17. Bb4 Re8 18. Rd2 Nb6 19. Bc5 Nd5 20. O-O Bb7 21. Nd4
Rac8 22. Nb3 Ba8 23. Rfd1 Rc7 24. Bd6 Rc6 25. Bg3 Rec8 26. Nd4 Rc1 27. a3 Nb6
28. Kh2 Bd5 29. Bd3 Bxd4 30. exd4 Bf3 31. Rxc1 Rxc1 32. Bb8 Nc4 33. Bxc4 bxc4
34. Bd6 g5 35. Kg3 Bd5 36. f3 c3 37. bxc3 Rxc3 38. Rf2 Rd3 39. Bc5 Kg7 40. Kg2
f6 41. Kg3 Kg6 42. Kg2 h5 43. gxh5+ Kxh5 44. Kg3 f5 45. Rf1 f4+ 46. Kg2 Kh4 47.
Rf2 a5 48. Rf1 Rd2+ 49. Rf2 Rxf2+ 50. Kxf2 Kxh3 51. Be7 g4 52. fxg4 Kxg4 53.
Bd8 a4 54. Be7 Kf5 55. Bc5 Ke4 56. Bb6 Kd3 57. Bc5 Kc4 58. Bb6 Bc6 59. Ke2 Kd5
60. Bc7 Kc4 61. Bxf4 Kxd4 62. Kd2 1/2-1/2

[Event "15. Open Club Ajedrez Villaverde"]
[Site "Madrid ESP"]
[Date "2011.06.22"]
[Round "3.4"]
[White "Garcia Diaz, Victor"]
[Black "Alonso Aranzabal, Inigo"]
[Result "0-1"]
[WhiteElo "2145"]
[BlackElo "2027"]
[PlyCount "70"]
[EventDate "2011.06.20"]
[EventType "swiss"]
[EventRounds "8"]
[EventCountry "ESP"]
[Source "lmi"]
[SourceDate "2011.06.20"]

1. c4 Nf6 2. g3 g6 3. Bg2 Bg7 4. e3 O-O 5. Ne2 d6 6. h3 e5 7. g4 c6 8. d4 exd4
9. exd4 Nbd7 10. Nbc3 Nb6 11. b3 Re8 12. O-O a5 13. Ng3 Be6 14. Be3 d5 15. c5
Nbd7 16. g5 Nh5 17. Nxh5 gxh5 18. Rc1 f6 19. Qxh5 fxg5 20. Bxg5 Qc7 21. Qh4 Kh8
22. Rfe1 Nf8 23. Ne2 Ng6 24. Qh5 Qf7 25. Rcd1 Rg8 26. Ng3 Raf8 27. Be3 Qf6 28.
Qe2 Bd7 29. Qh5 Nf4 30. Bxf4 Qxf4 31. Qe2 Bxd4 32. Nh5 Bxf2+ 33. Kh1 Qg5 34.
Qe5+ Qxe5 35. Rxe5 Bxc5 0-1

[Event "15. Open Club Ajedrez Villaverde"]
[Site "Madrid ESP"]
[Date "2011.06.22"]
[Round "3.12"]
[White "Lozano Sanchez, Jose Antonio"]
[Black "Martinez Martinez, Antonio"]
[Result "1-0"]
[WhiteElo "1894"]
[BlackElo "1726"]
[PlyCount "63"]
[EventDate "2011.06.20"]
[EventType "swiss"]
[EventRounds "8"]
[EventCountry "ESP"]
[Source "lmi"]
[SourceDate "2011.06.20"]

1. e4 g6 2. f4 c6 3. Nf3 d6 4. Bc4 e6 5. e5 d5 6. Bb3 f6 7. d4 c5 8. c3 Qa5 9.
O-O Nc6 10. Be3 c4 11. Bc2 Qb6 12. b3 cxb3 13. axb3 Bg7 14. Qe2 Nge7 15. Nbd2
Bd7 16. c4 O-O-O 17. c5 Qc7 18. b4 a6 19. b5 axb5 20. Qxb5 Nb8 21. Qb2 Nec6 22.
Nb3 Na6 23. Bd2 f5 24. Na5 Na7 25. Bd3 Bc6 26. Rfb1 Kd7 27. Nxb7 Rb8 28. Bxa6
Bxb7 29. Bxb7 Nc6 30. Qb5 Ke7 31. Qxc6 Qxc6 32. Bxc6 1-0

[Event "15. Open Club Ajedrez Villaverde"]
[Site "Madrid ESP"]
[Date "2011.06.22"]
[Round "3.15"]
[White "Fernandez Cabello, Emilio"]
[Black "Garcia Sanz, Carlos"]
[Result "0-1"]
[WhiteElo "1750"]
[BlackElo "1917"]
[PlyCount "61"]
[EventDate "2011.06.20"]
[EventType "swiss"]
[EventRounds "8"]
[EventCountry "ESP"]
[Source "lmi"]
[SourceDate "2011.06.20"]

1. e4 e6 2. d4 d5 3. e5 c5 4. c3 Nc6 5. Nf3 cxd4 6. cxd4 f6 7. exf6 Nxf6 8. Ne5
Qb6 9. Bg5 Qxd4 10. Nd3 Be7 11. Be3 Qg4 12. f3 Qg6 13. Nf4 Qf7 14. Nh3 Bb4+ 15.
Nc3 Bd7 16. a3 Bxc3+ 17. bxc3 O-O 18. Be2 Rac8 19. O-O a6 20. c4 Na5 21. cxd5
Nxd5 22. Ng5 Nxe3 23. Nxf7 Nxd1 24. Nh6+ gxh6 25. Rfxd1 Ba4 26. Rd6 Rc6 27.
Rxc6 Bxc6 28. Rc1 Rd8 29. Rc5 b5 30. a4 Rd5 31. axb5 0-1

[Event "15. Open Club Ajedrez Villaverde"]
[Site "Madrid ESP"]
[Date "2011.06.23"]
[Round "4.1"]
[White "Alonso Aranzabal, Inigo"]
[Black "Sanchez Gonzalez, Sergio"]
[Result "1-0"]
[WhiteElo "2027"]
[BlackElo "2302"]
[PlyCount "75"]
[EventDate "2011.06.20"]
[EventType "swiss"]
[EventRounds "8"]
[EventCountry "ESP"]
[Source "lmi"]
[SourceDate "2011.06.20"]

1. e4 c5 2. c3 d5 3. exd5 Qxd5 4. d4 Nc6 5. Nf3 Bf5 6. Be3 cxd4 7. Nxd4 Bxb1 8.
Rxb1 Qxa2 9. Bb5 Rc8 10. O-O e5 11. Re1 exd4 12. Qxd4 Nf6 13. Bh6+ Qe6 14. Bg5
Be7 15. Rxe6 fxe6 16. Qxa7 Kf7 17. Qxb7 Ne5 18. Bxf6 gxf6 19. Be2 Rhd8 20. g3
Ng6 21. h4 Rb8 22. Qe4 Rd2 23. b4 f5 24. Qe3 Rc2 25. Bd1 Ra2 26. Bb3 Ra6 27.
Re1 Nf8 28. Qe5 Rc8 29. Qxf5+ Bf6 30. Qb5 Rac6 31. c4 Ke7 32. c5 Bc3 33. Re4
Bf6 34. Qe2 Ra8 35. b5 Rxc5 36. Bxe6 Nxe6 37. Rxe6+ Kf7 38. Rxf6+ 1-0

[Event "15. Open Club Ajedrez Villaverde"]
[Site "Madrid ESP"]
[Date "2011.06.23"]
[Round "4.1"]
[White "Vukotic Jovsic, Dragan"]
[Black "Martinez Belen, Alejandro"]
[Result "1-0"]
[WhiteElo "1954"]
[BlackElo "1786"]
[PlyCount "83"]
[EventDate "2011.06.20"]
[EventType "swiss"]
[EventRounds "8"]
[EventCountry "ESP"]
[Source "lmi"]
[SourceDate "2011.06.20"]

1. d4 d5 2. Bf4 Nf6 3. Nf3 g6 4. h3 Bg7 5. e3 O-O 6. Nbd2 c5 7. c3 Nc6 8. Bb5
Qb6 9. Qa4 a6 10. Bxc6 bxc6 11. O-O cxd4 12. exd4 Nh5 13. Bh2 c5 14. dxc5 Qxc5
15. Nb3 Qa7 16. Rad1 Bd7 17. Qb4 e6 18. Ne5 Bb5 19. Rfe1 Nf6 20. a4 Be8 21. Nd4
Ne4 22. Rxe4 dxe4 23. Ndc6 Bxc6 24. Nxc6 a5 25. Qxf8+ Bxf8 26. Nxa7 Rxa7 27.
Be5 Ra8 28. Bf6 h5 29. Rd8 Ra7 30. b4 axb4 31. cxb4 Rxa4 32. Be7 Kg7 33. Rxf8
Ra1+ 34. Kh2 Ra2 35. Bc5 h4 36. Rd8 e5 37. Re8 Kf6 38. b5 Ra5 39. b6 Rb5 40.
Rc8 Ke6 41. Rc7 Kd5 42. b7 1-0

[Event "15. Open Club Ajedrez Villaverde"]
[Site "Madrid ESP"]
[Date "2011.06.23"]
[Round "4.2"]
[White "Castano, Henry Augusto"]
[Black "Ramirez Garcia, Jorge Alberto"]
[Result "1/2-1/2"]
[WhiteElo "2300"]
[BlackElo "2173"]
[PlyCount "26"]
[EventDate "2011.06.20"]
[EventType "swiss"]
[EventRounds "8"]
[EventCountry "ESP"]
[Source "lmi"]
[SourceDate "2011.06.20"]

1. e4 c6 2. d4 d5 3. Nc3 dxe4 4. Nxe4 Bf5 5. Ng3 Bg6 6. Nf3 Nd7 7. h4 h6 8. h5
Bh7 9. Bd3 Bxd3 10. Qxd3 e6 11. Bd2 Ngf6 12. O-O-O Qc7 13. Qe2 O-O-O 1/2-1/2

[Event "15. Open Club Ajedrez Villaverde"]
[Site "Madrid ESP"]
[Date "2011.06.23"]
[Round "4.3"]
[White "Vazquez Gonzalez, Jesus"]
[Black "Lopez Andujar Ocana, Antonio"]
[Result "0-1"]
[WhiteElo "2059"]
[BlackElo "2163"]
[PlyCount "34"]
[EventDate "2011.06.20"]
[EventType "swiss"]
[EventRounds "8"]
[EventCountry "ESP"]
[Source "lmi"]
[SourceDate "2011.06.20"]

1. e4 e5 2. Nf3 Nc6 3. Bc4 Be7 4. d4 d6 5. dxe5 Nxe5 6. Nxe5 dxe5 7. Qh5 g6 8.
Qxe5 Nf6 9. Bg5 O-O 10. Bxf6 Bxf6 11. Qb5 c6 12. Qb3 Qd4 13. Nc3 b5 14. Bd3 Be6
15. Ne2 Qc5 16. c4 bxc4 17. Qc2 Qb4+ 0-1

[Event "15. Open Club Ajedrez Villaverde"]
[Site "Madrid ESP"]
[Date "2011.06.23"]
[Round "4.5"]
[White "Cortes Jurado, Rafael"]
[Black "Cano Mercado, Francisco Manuel"]
[Result "1-0"]
[WhiteElo "2088"]
[BlackElo "1846"]
[PlyCount "81"]
[EventDate "2011.06.20"]
[EventType "swiss"]
[EventRounds "8"]
[EventCountry "ESP"]
[Source "lmi"]
[SourceDate "2011.06.20"]

1. e4 c6 2. d4 d5 3. exd5 cxd5 4. c4 Nf6 5. Nc3 e6 6. Nf3 Be7 7. cxd5 Nxd5 8.
Bd3 O-O 9. O-O Nc6 10. Re1 Ncb4 11. Bb1 Bf6 12. a3 Nxc3 13. bxc3 Nd5 14. Qd3 g6
15. c4 Ne7 16. Bh6 Re8 17. h4 Nf5 18. Bg5 Nxh4 19. Bxh4 Bxh4 20. Nxh4 Qxh4 21.
d5 Bd7 22. Ba2 exd5 23. cxd5 Qf6 24. Rad1 Qd6 25. Qb3 b5 26. Bb1 a6 27. Bd3 Re5
28. Bf1 Rae8 29. Rxe5 Rxe5 30. Qg3 Qf6 31. Qc3 Qf5 32. Qc5 Qh5 33. Qd6 Bg4 34.
f3 Bxf3 35. gxf3 Rg5+ 36. Bg2 Re5 37. Qxa6 Qg5 38. Qxb5 Qe3+ 39. Kf1 Rf5 40.
Qd3 Qf4 41. d6 1-0